Govern municipal : guia pràctica / elaboració dels textos: Faura-Casas guia pràctica / elaboració dels textos:
Publicado:
Barcelona :
Diputació de Barcelona, Àrea de Règim Interior, Hisenda i Planificació, Servei de Formació Local ,
1995
Descripción Física:
465 p. : en forma de fitxes amb anelles ; 32 cm
MARC
| LEADER | 00000nam a2200000Ia 4500 | ||
|---|---|---|---|
| 001 | 11655 | ||
| 003 | BGR | ||
| 005 | 20260324175638.0 | ||
| 008 | 160829s1995 xx 000 0 cat d | ||
| 080 | |a FOL-1-115 | ||
| 245 | |a Govern municipal : |b guia pràctica / elaboració dels textos: |b Faura-Casas | ||
| 260 | |a Barcelona : |b Diputació de Barcelona, Àrea de Règim Interior, Hisenda i Planificació, Servei de Formació Local, |c 1995 | ||
| 300 | |a 465 p. : |b en forma de fitxes amb anelles ; |c 32 cm | ||
| 590 | |a A la portada: Pla de formació municipal | ||
| 650 | 0 | |a Municipis |x Govern i administració |x Barcelona (Catalunya : Província) |9 42329 | |
| 650 | 0 | |a Administració local |9 34286 | |
| 710 | |a Barcelona (Catalunya : Província). |b Servei de Formació Local |9 53659 | ||
| 710 | 2 | |a Faura-Casas, Auditors Consultors |9 70877 | |
| 901 | |a Arxiu | ||
| 942 | |n 1 |2 udc |c MON | ||
| 952 | |0 0 |1 0 |4 0 |6 FOL1115 |7 1 |9 47339 |a Arxiu |b Arxiu |d 2016-12-01 |l 0 |o FOL-1-115 |p 11655 |r 2016-12-01 00:00:00 |w 2016-12-01 |y ARXIU | ||
| 999 | |c 51137 |d 51137 | ||